MARC details
| 000 -CABECERA |
| campo de control de longitud fija |
02326nam a2200433 i 4500 |
| 001 - NÚMERO DE CONTROL |
| campo de control |
000006094 |
| 003 - IDENTIFICADOR DEL NÚMERO DE CONTROL |
| campo de control |
OSt |
| 005 - FECHA Y HORA DE LA ÚLTIMA TRANSACCIÓN |
| campo de control |
20230607123307.0 |
| 007 - CAMPO FIJO DE DESCRIPCIÓN FÍSICA--INFORMACIÓN GENERAL |
| campo de control de longitud fija |
ta |
| 008 - DATOS DE LONGITUD FIJA--INFORMACIÓN GENERAL |
| campo de control de longitud fija |
090826s1991 dr a 000 0 spa d |
| 040 ## - FUENTE DE LA CATALOGACIÓN |
| Centro catalogador/agencia de origen |
DO-SdBNP |
| Lengua de catalogación |
spa |
| Centro/agencia transcriptor |
BNPHU |
| Normas de descripción |
rda |
| 041 ## - CÓDIGO DE LENGUA |
| Código de lengua original |
spa |
| 082 #4 - NÚMERO DE LA CLASIFICACIÓN DECIMAL DEWEY |
| Número de clasificación |
362.8292 |
| Número de documento/Ítem |
R771i |
| Número de edición |
22 |
| 100 1# - ENTRADA PRINCIPAL--NOMBRE DE PERSONA |
| Nombre de persona |
Rondon, Melania |
| 9 (RLIN) |
17153 |
| 245 10 - MENCIÓN DE TÍTULO |
| Título |
Incriminación a la violencia contra la mujer / |
| Mención de responsabilidad, etc. |
Tony Pichardo, editor |
| 264 ## - PRODUCCIÓN, PUBLICACIÓN, DISTRIBUCIÓN, FABRICACIÓN Y COPYRIGHT |
| Producción, publicación, distribución, fabricación y copyright |
Santo Domingo, : |
| Nombre del de productor, editor, distribuidor, fabricante |
Ediciones CENSEL, |
| Fecha de producción, publicación, distribución, fabricación o copyright |
1991. |
| 300 ## - DESCRIPCIÓN FÍSICA |
| Extensión |
171 páginas : |
| Otras características físicas |
ilustraciones, gráficos, retratos ; |
| Dimensiones |
21 cm. |
| 336 ## - TIPO DE CONTENIDO |
| Fuente |
rdacontent |
| Término de tipo de contenido |
texto |
| Código de tipo de contenido |
txt |
| 337 ## - TIPO DE MEDIO |
| Fuente |
rdamedia |
| Nombre/término del tipo de medio |
sin mediación |
| Código del tipo de medio |
n |
| 338 ## - TIPO DE SOPORTE |
| Fuente |
rdacarrier |
| Nombre/término del tipo de soporte |
volumen |
| Código del tipo de soporte |
nc |
| 500 ## - NOTA GENERAL |
| Nota general |
Incluye referencias bibliográficas y notas al pie de las páginas |
| 504 ## - NOTA DE BIBLIOGRAFÍA, ETC. |
| Nota de bibliografía, etc. |
Bibliografía, 167-169<br/>Introducción --<br/>A manera de epílogo -- |
| 505 2# - NOTA DE CONTENIDO CON FORMATO |
| Nota de contenido con formato |
Presentación. |
| Título |
Introducción -- |
| -- |
Metodología -- |
| Información miscelánea |
Capítulo I : |
| Título |
Consideraciones generales sobre el poder y la violencia -- |
| Información miscelánea |
Capítulo II : |
| Título |
Agresiones físicas a mujeres según registro judicial. Santo Domingo, 1986 -- |
| Información miscelánea |
Capítulo III : |
| Título |
Variables legales en el estudio de la violencia contra la mujer según documentación disponible en el Palacio de Justicia. Santo Domingo, 1986-1987. |
| Información miscelánea |
Capítulo IV : |
| Título |
El perfil del violador -- |
| -- |
A manera de epílogo. |
| 505 2# - NOTA DE CONTENIDO CON FORMATO |
| Nota de contenido con formato |
Metodología. |
| 505 2# - NOTA DE CONTENIDO CON FORMATO |
| Nota de contenido con formato |
Capítulo I : |
| Título |
Consideraciones generales sobre el poder y la violencia. |
| 505 0# - NOTA DE CONTENIDO CON FORMATO |
| Nota de contenido con formato |
Capítulo II : |
| Título |
Agresiones físicas a mujeres según registro judicial. Santo Domingo, 1986-1987. |
| 505 0# - NOTA DE CONTENIDO CON FORMATO |
| Nota de contenido con formato |
Capítulo III : |
| Título |
Variables legales en el estudio de la violencia contra la mujer según documentación disponible <br/>en el Palacio de Justicia. Santo Domingo, 1986-1987. |
| 505 0# - NOTA DE CONTENIDO CON FORMATO |
| Nota de contenido con formato |
Capítulo IV : |
| Título |
El perfil del violador |
| 590 ## - NOTA LOCAL (RLIN) |
| Nota local |
Inventariado, 2023/MFF |
| 650 #4 - PUNTO DE ACCESO ADICIONAL DE MATERIA--TÉRMINO DE MATERIA |
| Término de materia o nombre geográfico como elemento de entrada |
Violencia contra la mujer |
| Subdivisión geográfica |
República Dominicana |
| 9 (RLIN) |
17154 |
| 650 #4 - PUNTO DE ACCESO ADICIONAL DE MATERIA--TÉRMINO DE MATERIA |
| Término de materia o nombre geográfico como elemento de entrada |
Violencia conyugal |
| Subdivisión geográfica |
República Dominicana |
| 9 (RLIN) |
2756 |
| 650 #4 - PUNTO DE ACCESO ADICIONAL DE MATERIA--TÉRMINO DE MATERIA |
| Término de materia o nombre geográfico como elemento de entrada |
Delitos contra la mujer |
| 9 (RLIN) |
17155 |
| 650 #4 - PUNTO DE ACCESO ADICIONAL DE MATERIA--TÉRMINO DE MATERIA |
| Término de materia o nombre geográfico como elemento de entrada |
Abuso de la esposa |
| 9 (RLIN) |
17156 |
| 650 #4 - PUNTO DE ACCESO ADICIONAL DE MATERIA--TÉRMINO DE MATERIA |
| Término de materia o nombre geográfico como elemento de entrada |
Delitos sexuales |
| Subdivisión geográfica |
República Dominicana |
| 9 (RLIN) |
17157 |
| 700 ## - PUNTO DE ACCESO ADICIONAL--NOMBRE DE PERSONA |
| Nombre de persona |
Pichardo , Tony , |
| Término indicativo de función/relación |
editor. |
| 9 (RLIN) |
77761 |
| 710 ## - PUNTO DE ACCESO ADICIONAL--NOMBRE DE ENTIDAD CORPORATIVA |
| Nombre de entidad corporativa o nombre de jurisdicción como elemento de entrada |
Centro de Servicios Legales para la Mujer (República Dominicana) |
| 9 (RLIN) |
77762 |
| 910 ## - DATOS DE OPCIÓN DEL USUARIO (OCLC) |
| Datos de opción del usuario |
Validado. Control de calidad MFF |
| 942 ## - ELEMENTOS DE PUNTO DE ACCESO ADICIONAL (KOHA) |
| Fuente del sistema de clasificación o colocación |
Dewey Decimal Classification |
| Tipo de ítem Koha |
Libro |